| 000 | 00916nam a2200277 a 4500 | ||
|---|---|---|---|
| 005 | 20200104041615.0 | ||
| 008 | 160115s2008 xxu||||| |||| 00| 0 spa d | ||
| 020 | _a9292250833 | ||
| 040 |
_aCO-BoIAVH _cCO-BoIAVH |
||
| 041 | _aeng | ||
| 044 | _acn | ||
| 082 | 0 | 4 |
_a333.955 _bN25c |
| 100 | 1 | _aNasi, Robert | |
| 245 | 1 | 0 |
_aConservation and use of wildlife-based resources : _bthe bushmeat crisis / |
| 260 |
_aMontreal : _bConvention of Biological Diversity, _c2008 |
||
| 300 | _a50 p. | ||
| 650 | 1 | 4 | _aConservación de la vida silvestre |
| 650 | 2 | 4 | _aGestión de la vida silvestre |
| 700 |
_aBrown, David, _eautor. |
||
| 700 |
_aWilkie, David, _eautor. |
||
| 700 |
_aBennet, Elizabethm, _eautora. |
||
| 700 |
_aTutin, Caroline, _eautora. |
||
| 700 |
_aTol, Gijs van, _eautor. |
||
| 700 |
_aChristophersen, Tim, _eautor. |
||
| 942 |
_cLIBRO _2ddc |
||
| 999 |
_c7147 _d7147 |
||